[Event "IECC CL7-2007.14 email"]
[Site "IECC email"]
[Date "2008.01.30"]
[Round "?"]
[White "Mason, Charles"]
[Black "Buckle, Rodney"]
[Result "0-1"]
[WhiteElo "1184"]
[BlackElo "1259"]
[PlyCount "52"]
[EventDate "2007.??.??"]
[EventType "tourn (corr)"]
[EventRounds "4"]
[SourceTitle "Corr 2013"]
[Source "ChessBase"]
[SourceDate "2012.11.12"]
[SourceVersion "1"]
[SourceVersionDate "2012.11.12"]
[SourceQuality "1"]
[WhiteTeam "US of America"]
[BlackTeam "England"]
[WhiteTeamCountry "USA"]
[BlackTeamCountry "ENG"]

1. Nf3 e6 2. g3 Nf6 3. Bg2 Be7 4. 0-0 0-0 5. d4 d6 6. Bg5 Bd7 7. Bxf6 Bxf6 8. Nc3 Nc6 9. Ne4 Be7 10. c3 f5 11. Ned2 e5 12. Nc4 e4 13. Qb3 exf3 14. Nxd6+ Kh8 15. d5 fxg2 16. Nxb7 Qb8 17. Kxg2 a5 18. Rad1 a4 19. Qc4 Na7 20. Na5 Bb5 21. d6 Bxc4 22. dxe7 Bxe2 23. exf8Q+ Qxf8 24. Rd7 Bxf1+ 25. Kxf1 Qc5 26. Nb7 Qb5+ 0-1

[Event "IECC CL7-2007.14 email"]
[Site "IECC email"]
[Date "2008.01.30"]
[Round "?"]
[White "Mason, Charles"]
[Black "Stevenson, Walter"]
[Result "0-1"]
[WhiteElo "1171"]
[BlackElo "1128"]
[PlyCount "74"]
[EventDate "2007.??.??"]
[EventType "tourn (corr)"]
[EventRounds "4"]
[SourceTitle "Corr 2013"]
[Source "ChessBase"]
[SourceDate "2012.11.12"]
[SourceVersion "1"]
[SourceVersionDate "2012.11.12"]
[SourceQuality "1"]
[WhiteTeam "US of America"]
[BlackTeam "England"]
[WhiteTeamCountry "USA"]
[BlackTeamCountry "ENG"]

1. e4 c5 2. Bc4 e6 3. Nc3 a6 4. a4 d6 5. Nge2 Nf6 6. d3 Nc6 7. Bg5 Be7 8. 0-0 0-0 9. Qd2 h6 10. Bxf6 Bxf6 11. Qe3 Bxc3 12. bxc3 Bd7 13. Rab1 Ne5 14. Rxb7 Nxc4 15. dxc4 Bxa4 16. Nf4 Bc6 17. Rb3 a5 18. Qd3 Qd7 19. e5 a4 20. Rb6 Qc7 21. Rfb1 dxe5 22. Nh5 Rfb8 23. Qg3 g6 24. Nf6+ Kg7 25. Rxb8 Rxb8 26. Nh5+ Kf8 27. Rd1 gxh5 28. Qh4 Qd7 29. Qxh5 Qb7 30. Qxe5 Bxg2 31. Qxc5+ Ke8 32. Qd6 Bh1 33. f3 Bxf3 34. Rd3 Be2 35. Rd2 Bxc4 36. Qa3 Qa7+ 37. Rd4 e5 0-1

[Event "IECC CL7-2007.14 email"]
[Site "IECC email"]
[Date "2008.01.30"]
[Round "?"]
[White "Uno, Joe"]
[Black "Mason, Charles"]
[Result "0-1"]
[WhiteElo "1026"]
[BlackElo "1153"]
[PlyCount "57"]
[EventDate "2007.??.??"]
[EventType "tourn (corr)"]
[EventRounds "4"]
[SourceTitle "Corr 2013"]
[Source "ChessBase"]
[SourceDate "2012.11.12"]
[SourceVersion "1"]
[SourceVersionDate "2012.11.12"]
[SourceQuality "1"]
[WhiteTeam "Nicaragua"]
[BlackTeam "US of America"]
[WhiteTeamCountry "NCA"]
[BlackTeamCountry "USA"]

1. e4 c5 2. d3 d6 3. Nf3 Nc6 4. Be3 Bg4 5. Be2 g6 6. 0-0 Bh6 7. Nc3 Bxe3 8. fxe3 Nf6 9. d4 Qb6 10. dxc5 Qc7 11. Nb5 Qd7 12. b4 Nxe4 13. cxd6 exd6 14. a3 0-0-0 15. h3 Bxf3 16. Bxf3 Ng3 17. Re1 Rhe8 18. c4 a6 19. Nc3 Ne5 20. Nd5 Nxc4 21. Nf6 Qb5 22. Nxe8 Rxe8 23. Bd5 Ne4 24. Qg4+ Qd7 25. Bxf7 Qxg4 26. hxg4 Rf8 27. Bxc4 Rf2 28. Be6+ Kb8 29. Rf1 0-1